000 00925nam a2200205Ia 4500
999 _c40079
_d40079
001 6685
003 GE_BSU
005 20190627161037.0
008 181216s1968|||| |||||||||||||| ||geo||
041 _ageo
080 _a621.43.01(075.8) მ-44
100 _aმახალდიანი, ვ.
_93001
245 _aსაავტოტრაქტორო ძრავების თეორია და გაანგარიშება : სახელმძღვ. /
_cვ. მახალდიანი ; რედ : ე. გრძელიძე.
264 _aთბილისი :
_bგანათლება,
_c1968.
300 _a309 გვ .:
_c 22 სმ.
653 _aსაავტოტრაქტორო ძრავების თეორია
653 _aტექნიკა
700 _aგრძელიძე, ე
_eრედაქტორი
_91326
942 _cBK
_2udc